Central Library OPAC University of Rajshahi

United Europe: (Record no. 175)

MARC details
000 -LEADER
fixed length control field 00847nam a22002657a 4500
001 - CONTROL NUMBER
control field 175
003 - CONTROL NUMBER IDENTIFIER
rucl marc code BD-RjUL
005 - DATE AND TIME OF LATEST TRANSACTION
control field 20211208233127.0
008 - FIXED-LENGTH DATA ELEMENTS--GENERAL INFORMATION
fixed length control field 131123s1962 enk||||| |||| 001 0 eng d
035 ## - SYSTEM CONTROL NUMBER
System control number (BD-RjUL)188
040 ## - CATALOGING SOURCE
Original cataloging agency BD-RjUL
Language of cataloging eng
Transcribing agency BD-RjUL
041 ## - LANGUAGE CODE
Language code of text/sound track or separate title eng
082 #4 - DEWEY DECIMAL CLASSIFICATION NUMBER
Edition number 20
Classification number 940.5
Author mark and year HAU 1962
100 1# - MAIN ENTRY--PERSONAL NAME
Personal name Hallstein, Walter, 1901-1982.
9 (RLIN) 549
245 1# - TITLE STATEMENT
Title United Europe:
Remainder of title challenge and opportunity.
Statement of responsibility, etc. Walter Hallstein
260 ## - PUBLICATION, DISTRIBUTION, ETC. (IMPRINT)
Place of publication, distribution, etc. Cambridge:
Name of publisher, distributor, etc. Harvard University Press,
Date of publication, distribution, etc. c1962.
300 ## - PHYSICAL DESCRIPTION
Pagination 109 p.
Size 21 cm.
490 ## - SERIES STATEMENT
Series statement The William L. Clayton lectures on international economic affairs and foreign policy, 1961-1962
526 ## - STUDY PROGRAM INFORMATION NOTE
Requested Dept. history
650 7# - SUBJECT ADDED ENTRY--TOPICAL TERM
Source of heading or term SLSH
Topical term or geographic name as entry element European federation.
9 (RLIN) 612
Source of heading or term SLSH
Topical term or geographic name as entry element Historia Da Europa
9 (RLIN) 613
Source of heading or term SLSH
Topical term or geographic name as entry element Union européenne.
9 (RLIN) 614
942 ## - ADDED ENTRY ELEMENTS (KOHA)
Source of classification or shelving scheme Dewey Decimal Classification
Koha item type Books
Holdings
Lost status Source of classification or shelving scheme Damaged status Not for loan Collection code Permanent Location Current Location Shelving location Date acquired Source of acquisition Cost, normal purchase price Total Checkouts Full call number Date last seen Copy number Koha item type
  Dewey Decimal Classification   Not For Loan Non-fiction Central Library, University of Rajshahi Central Library, University of Rajshahi Reading Room 10/07/1963 allis 6.37   940.5 HAU 1962 09/11/2013 C-1 Books